Carpets of Worth Ltd v Wyre Forest DC (Record no. 32471)

MARC details
000 -LEADER
fixed length control field 01747cab a2200265 4500
001 - CONTROL NUMBER
control field ABS45332
008 - FIXED-LENGTH DATA ELEMENTS--GENERAL INFORMATION
fixed length control field 090401t1991 xxu||||| |||| 00| 0 eng d
035 ## - SYSTEM CONTROL NUMBER
System control number (Sirsi) u52390
041 ## - LANGUAGE CODE
Language code of text/sound track or separate title eng
245 ## - TITLE STATEMENT
Title Carpets of Worth Ltd v Wyre Forest DC
260 ## - PUBLICATION, DISTRIBUTION, ETC.
Date of publication, distribution, etc. 1991
350 ## - PRICE (NR) (BK AM CF MU VM SE) [OBSOLETE]
Price 0
490 ## - SERIES STATEMENT
Series statement Property and Compensation Reports
Volume/sequential designation (1991) 62 P&CR 334-349(8)
520 ## - SUMMARY, ETC.
Summary, etc. CA 12 March 1991. C owned 20 acres of land, the southern section being occupied by a factory and the northern by open land. In 1985 the Hereford and Worcester Structure Plan was approved showing the general position of green belt. In 1986 C`s northern land was included in local plan proposals at the request of the county council. Boundaries of the green belt were therefore altered. C`s objection at the local plan inquiry was rejected and the plan was adopted. C appealed on the ground that ministerial policy in planning guidelines and circulars, particularly DoE Circular 14/84 para 3(a) which stated that green belt boundaries should only be altered in exceptional circumstances, had not been adequately considered and applied. The council contended that alterations to the green belt, which had the effect of extending rather than reducing it, did not require such justification. Appeal allowed on the grounds that although ministerial circulars and PPG had no formal statutory force the loc
650 ## - SUBJECT ADDED ENTRY--TOPICAL TERM
Topical term or geographic name entry element DOE CIRCULAR 14/1984 PARA 3(A)
650 ## - SUBJECT ADDED ENTRY--TOPICAL TERM
Topical term or geographic name entry element DOE CIRCULARS
650 ## - SUBJECT ADDED ENTRY--TOPICAL TERM
Topical term or geographic name entry element GREEN BELT
650 ## - SUBJECT ADDED ENTRY--TOPICAL TERM
Topical term or geographic name entry element LOCAL DEVELOPMENT PLANS
650 ## - SUBJECT ADDED ENTRY--TOPICAL TERM
Topical term or geographic name entry element PLANNING POLICY GUIDANCE NOTES
650 ## - SUBJECT ADDED ENTRY--TOPICAL TERM
Topical term or geographic name entry element STATUTORY OBLIGATION
650 ## - SUBJECT ADDED ENTRY--TOPICAL TERM
Topical term or geographic name entry element TOWN AND COUNTRY PLANNING ACT 1971 S11(9)
690 ## - LOCAL SUBJECT ADDED ENTRY--TOPICAL TERM (OCLC, RLIN)
Topical term or geographic name as entry element PLANNING LAW AND PRACTICE-CASE LAW
942 ## - ADDED ENTRY ELEMENTS (KOHA)
Suppress in OPAC 0
948 ## - LOCAL PROCESSING INFORMATION (OCLC); SERIES PART DESIGNATOR (RLIN)
c (OCLC) 04/03/1997
Holdings
Withdrawn status Lost status Source of classification or shelving scheme Damaged status Not for loan Home library Current library Shelving location Date acquired Total Checkouts Full call number Barcode Date last seen Copy number Price effective from Koha item type
    Dewey Decimal Classification     London London Journal article 14/09/1999   ABS45332 52390-1001 06/08/2019 1 06/08/2019 Law report